Yes To Life In Spite of Everything (Record no. 96784)

MARC details
000 -LEADER
fixed length control field 00573nam a2200217Ia 4500
005 - DATE AND TIME OF LATEST TRANSACTION
control field 20251122100108.0
008 - FIXED-LENGTH DATA ELEMENTS--GENERAL INFORMATION
fixed length control field 230125s9999 xx 000 0 und d
020 ## - INTERNATIONAL STANDARD BOOK NUMBER
International Standard Book Number 978-1-84604-636-0
041 ## - LANGUAGE CODE
Language code of text/sound track or separate title eng
082 ## - DEWEY DECIMAL CLASSIFICATION NUMBER
Classification number 158.1
Item number FRA
100 ## - MAIN ENTRY--PERSONAL NAME
Author Frankl V E
245 ## - TITLE STATEMENT
Title Yes To Life In Spite of Everything
250 ## - EDITION STATEMENT
Edition statement 1st Ed.
260 ## - PUBLICATION, DISTRIBUTION, ETC.
Date of publication, distribution, etc. 2019
Name of publisher, distributor, etc. Penguin Random House
Place of publication, distribution, etc. UK
300 ## - PHYSICAL DESCRIPTION
Other physical details Hard Bound
Extent 141p
500 ## - GENERAL NOTE
Keywords Personality Development
650 ## - SUBJECT ADDED ENTRY--TOPICAL TERM
Topical term or geographic name entry element Personality Development
700 ## - ADDED ENTRY--PERSONAL NAME
Personal name Frankl V E
942 ## - ADDED ENTRY ELEMENTS (KOHA)
Koha item type Books
906 ## - LOCAL DATA ELEMENT F, LDF (RLIN)
b 124.75
Holdings
Withdrawn status Lost status Damaged status Not for loan Home library Current library Date acquired Vendor Net Price Bill number Total Checkouts Full call number Barcode Date last seen Actual Price Bill Date Koha item type Original Barcode
        Smt. Hiraben Nanavati Institute of Management & Research for Women Smt. Hiraben Nanavati Institute of Management & Research for Women 13/03/2021 Forward Books 499.00 11380   158.1 FRA B21695 HIMR-BK-21695 25/01/2023 374.25 12/03/2021 Books B21695
        Smt. Hiraben Nanavati Institute of Management & Research for Women Smt. Hiraben Nanavati Institute of Management & Research for Women 13/03/2021 Forward Books 499.00 11380   158.1 FRA B21696 HIMR-BK-21696 25/01/2023 374.25 12/03/2021 Books B21696